000 01942nam a2200253 i 4500
003 DO-SdBNP
005 20231121145142.0
006 a||||gr|||| 00| 0
007 ta
008 231121e1925 dr ||||| |||| 00| 0 spa d
040 _aDO-SdBNP
_bspa
_cBNPHU
_erda
082 4 _222
_a320
_bC352p
100 1 _aCastillo Objio, Luis Conrado del,
_d1888-1927
_958934
_eautor
245 1 0 _aProlegómenos de enseñanza cívica. /
_cLuis C. del Castillo.
250 _a3a edición
264 _aSantiago de los Caballeros, República Dominicana :
_bManuel Tavarez S.,
_c[1925]
300 _a190 páginas ;
_c22 cm.
336 _2rdacontent
_atexto
_btxt
337 _2rdamedia
_asin mediación
_bn
338 _2rdacarrier
_avolumen
_bnc
505 _aLiminar.
_gSección I.
_tI Ideas generales de la ciencia etc.-- II Concepto de la familia etc.-- III Idea de gobierno etc.-- IV Porqué el gobierno se vale de la lei para establecer el orden etc.-- V Noción de soberanía etc.-- Concepto de los derechos individuales etc.-- VIII Aspectos jenéricos del derecho etc.-- IX Causas por los cuales se p;ierden los derechos ciudadanos.-- X Qué es lo que se entiende por integridad territorial etc.-- XI Lo que es la bandera etc. XII La propiedad etc.--
_gSección II.
_tXIII Noción integral del poder etc.-- XIV Función electoral etc.-- XV Función lejislativa etc.-- XVI Función ejecutiva etc.-- XVII Función judicial etc.-- XVIII Concepto integral del vocablo gobierno etc.-- XIX Formas actuales del gobierno etc.-- XX Lo que es libertad i lo que es libertinaje etc.--
_gSección III.
_tXXI Elementos que nos ofrece el estudio del territorio o país etc.-- XXII Elementos esenciales para el desarrollo económico del país etc. XIII Industria agrícola etc.-- XXIV Industria comercial etc.-- XXV Trueque o cambio etc.--- XXVI Función de gobierno etc.-- XXVII A qué se da nombre de presupuesto etc.
590 _aInventariado 2023 / MF
942 _2ddc
_cLBS1
999 _c55549
_d55549